AHWAL-O-ASAR (Record no. 574813)
[ view plain ]
| 000 -LEADER | |
|---|---|
| fixed length control field | 00267nam a22001217a 4500 |
| 082 ## - DEWEY DECIMAL CLASSIFICATION NUMBER | |
| Classification number | 891.439 YAS'A |
| 100 ## - MAIN ENTRY--PERSONAL NAME | |
| Personal name | YASIR, KHALID IQBAL |
| 9 (RLIN) | 14456 |
| 245 ## - TITLE STATEMENT | |
| Title | AHWAL-O-ASAR |
| 250 ## - EDITION STATEMENT | |
| Edition statement | AHWAL-O-ASAR |
| 260 ## - PUBLICATION, DISTRIBUTION, ETC. | |
| Place of publication, distribution, etc. | ISLAMABA |
| Name of publisher, distributor, etc. | IBLAGH |
| Date of publication, distribution, etc. | 1993 |
| 300 ## - PHYSICAL DESCRIPTION | |
| Extent | 134P |
| 942 ## - ADDED ENTRY ELEMENTS (KOHA) | |
| Koha item type | Book |
| Withdrawn status | Lost status | Damaged status | Not for loan | Permanent Location | Current Location | Shelving location | Date acquired | Total Checkouts | Full call number | Barcode | Date last seen | Price effective from | Koha item type |
|---|---|---|---|---|---|---|---|---|---|---|---|---|---|
| College of Electrical & Mechanical Engineering (CEME) | College of Electrical & Mechanical Engineering (CEME) | General Stacks | 07/31/2017 | 891.439 YAS'A | CEME-27508 | 06/28/2021 | 06/28/2021 | Book |
